The Egyptian plant red data book. 1, Trees and shrubs /

محفوظ في:

مؤلفون آخرون: Ḥadīdī, Muḥammad Nabīl Al-, Batanūnī, Kamāl-ad-Dīn H., Fahmī, Ạ̄hmad Ǧamāl.

التنسيق: كتاب

اللغة: English

منشور في: Cairo : Faculty of Science, Cairo Univ., 1991.

الموضوعات:

الوسوم: إضافة وسم

لا توجد وسوم, كن أول من يضع وسما على هذه التسجيلة!

رقم الطلب: QK403 .H22 1991

LEADER 00718nam a22002057a 4500
003 OSt
005 20251222083141.0
008 251222t1991 ua ab 000 0 eng d
040 |c ARCE Library 
050 1 4 |a QK403  |b .H22 1991 
245 0 4 |a The Egyptian plant red data book. 1,   |b Trees and shrubs /   |c comp. by M. N. El-Hadidi ; K. H. Batanouny ; A. G. Fahmy. 
264 1 |a Cairo :   |b Faculty of Science, Cairo Univ.,  |c 1991. 
300 |a 226 pages :   |b numerous illustrations and maps ;   |c 29 cm. 
650 0 |a Threatened plants  |z Egypt. 
700 1 |a Ḥadīdī, Muḥammad Nabīl Al- 
700 1 |a Batanūnī, Kamāl-ad-Dīn H. 
700 1 |a Fahmī, Ạ̄hmad Ǧamāl. 
901 |a reviewed 
942 |2 lcc  |c BK 
999 |c 51524  |d 51524